000 00432nam a2200181Ia 4500
001 3675
005 20260306145701.0
008 260306t1996||||xx |||||||||||||| ||spa||
041 _aESP
082 _a301.1
_bR67T
100 _aRitzer, George
_eAUT
245 0 _aTeoría sociológica contemporánea
260 _c1996
300 _axxiii, 680 páginas :
_c23 cm.
650 _aGEN
654 _aCHU
942 _cLIB
_dJUS
_fJUS
_2ddc
_n
999 _c3675
_d3675